[Event "Viljandi Raud Memorial 57th"]
[Site "Viljandi"]
[Date "2023.07.06"]
[Round "6"]
[White "Merivee, Romet Renee"]
[Black "Pearston, John M"]
[Result "1-0"]
[WhiteElo "1330"]
[BlackElo "1548"]
[PlyCount "77"]
[EventDate "2023.07.02"]
[EventType "swiss"]
[EventRounds "9"]
[EventCountry "EST"]
[SourceTitle "CBM 215 Extra"]
[Source "ChessBase"]
[SourceDate "2023.09.30"]
[SourceVersion "1"]
[SourceVersionDate "2023.09.30"]
[SourceQuality "1"]

1. e4 e5 2. Nf3 Nf6 3. Nxe5 d6 4. Nf3 Nxe4 5. d4 d5 6. Bd3 Be7 7. 0-0 0-0 8. c4 c6 9. cxd5 cxd5 10. Re1 Bb4 11. Nbd2 Nxd2 12. Bxd2 Bxd2 13. Qxd2 Be6 14. Ng5 Nc6 15. Bxh7+ Kh8 16. Nxe6 fxe6 17. Bc2 Qf6 18. Rad1 Rae8 19. Re3 Kg8 20. Rh3 Rf7 21. Rf3 Qe7 22. Qd3 g5 23. Rxf7 Qxf7 24. Ba4 Rf8 25. Qg3 Qf4 26. Qxf4 Rxf4 27. Bxc6 bxc6 28. g3 Rf8 29. Rc1 Rc8 30. Rc5 Kf7 31. b4 Ke7 32. Kg2 Kd6 33. b5 e5 34. Rxc6+ Rxc6 35. dxe5+ Kxe5 36. bxc6 Kd6 37. h4 gxh4 38. gxh4 Kxc6 39. h5 1-0

[Event "Dundee & Angus Major"]
[Site "Dundee"]
[Date "2015.10.10"]
[Round "3"]
[White "Pearston, John M"]
[Black "Dawson, Euan"]
[Result "1/2-1/2"]
[WhiteElo "1524"]
[BlackElo "1322"]
[PlyCount "57"]
[EventDate "2015.10.09"]
[EventType "swiss"]
[EventRounds "5"]
[EventCountry "SCO"]
[SourceTitle "EXT 2023"]
[Source "ChessBase"]
[SourceDate "2022.10.05"]
[SourceVersion "1"]
[SourceVersionDate "2022.10.05"]
[SourceQuality "1"]

1. d4 f5 2. Bg5 g6 3. g3 Bg7 4. Bg2 Nf6 5. c3 0-0 6. Qb3+ Kh8 7. Bxb7 Bxb7 8. Qxb7 Nc6 9. Qb3 Rb8 10. Qc2 Ne4 11. Nf3 Nxg5 12. Nxg5 e5 13. d5 Qxg5 14. dxc6 d6 15. Nd2 Rb6 16. 0-0 Rxc6 17. e3 Rb6 18. f4 Qe7 19. Rad1 Rbb8 20. b3 exf4 21. exf4 Qe3+ 22. Kh1 Qxc3 23. Qxc3 Bxc3 24. Nc4 Rfe8 25. Rd3 Bb4 26. Re3 Bc5 27. Rxe8+ Rxe8 28. Rd1 Kg7 29. Rd2 1/2-1/2

[Event "Dundee & Angus Major"]
[Site "Dundee"]
[Date "2013.10.13"]
[Round "4"]
[White "Noble, Raymond"]
[Black "Pearston, John M"]
[Result "1-0"]
[WhiteElo "1496"]
[BlackElo "1500"]
[PlyCount "61"]
[EventDate "2013.10.11"]
[EventType "swiss"]
[EventRounds "5"]
[EventCountry "SCO"]
[SourceTitle "EXT 2023"]
[Source "ChessBase"]
[SourceDate "2022.10.05"]
[SourceVersion "1"]
[SourceVersionDate "2022.10.05"]
[SourceQuality "1"]

1. e4 e5 2. Nf3 Nf6 3. d3 Nc6 4. Nc3 Bb4 5. Bd2 0-0 6. Be2 d5 7. exd5 Nxd5 8. Nxd5 Bxd2+ 9. Qxd2 Qxd5 10. 0-0 Bg4 11. h3 Bh5 12. a3 Rad8 13. Rad1 Nd4 14. Nxd4 Bxe2 15. Nxe2 e4 16. d4 f5 17. Nf4 Qd6 18. d5 Rf6 19. Nh5 Rh6 20. Qg5 Rg6 21. Qxf5 Rf8 22. Qxe4 Qd7 23. Rd3 Re8 24. Qc4 Kh8 25. Rg3 Qf5 26. Rxg6 Qxg6 27. Nf4 Qf5 28. Ne6 Qe5 29. Qb3 h6 30. Qxb7 Kh7 31. c4 1-0

[Event "Dundee & Angus Major"]
[Site "Dundee"]
[Date "2013.10.12"]
[Round "3"]
[White "Pearston, John M"]
[Black "Barron Majerik, Jan"]
[Result "1-0"]
[WhiteElo "1500"]
[BlackElo "1388"]
[PlyCount "75"]
[EventDate "2013.10.11"]
[EventType "swiss"]
[EventRounds "5"]
[EventCountry "SCO"]
[SourceTitle "EXT 2023"]
[Source "ChessBase"]
[SourceDate "2022.10.05"]
[SourceVersion "1"]
[SourceVersionDate "2022.10.05"]
[SourceQuality "1"]

1. d4 d6 2. Nf3 Nf6 3. c4 Bf5 4. Nc3 Nbd7 5. e3 e5 6. dxe5 Nxe5 7. Be2 Be7 8. 0-0 0-0 9. Nd5 Re8 10. Nxe7+ Rxe7 11. b3 Qe8 12. Nh4 Bd7 13. Bb2 Nfg4 14. Bd4 Nh6 15. Bxe5 dxe5 16. e4 Rd8 17. Qc2 c5 18. Rad1 Bc6 19. Nf3 Red7 20. Rxd7 Rxd7 21. Rd1 f6 22. Rxd7 Qxd7 23. Qd3 Qxd3 24. Bxd3 Nf7 25. Nd2 Ng5 26. f3 Ne6 27. Kf2 g5 28. g3 Kf7 29. Nb1 Bd7 30. Nc3 Nd4 31. Nd5 Nc6 32. Ke3 b6 33. a3 Nd4 34. b4 cxb4 35. axb4 Ba4 36. f4 gxf4+ 37. gxf4 exf4+ 38. Kxd4 1-0

[Event "Dundee & Angus Major"]
[Site "Dundee"]
[Date "2012.10.11"]
[Round "3"]
[White "Pearston, John M"]
[Black "Cassidy, Bernard"]
[Result "1/2-1/2"]
[WhiteElo "1395"]
[BlackElo "1458"]
[PlyCount "92"]
[EventDate "2012.10.12"]
[EventType "swiss"]
[EventRounds "5"]
[EventCountry "SCO"]
[SourceTitle "EXT 2023"]
[Source "ChessBase"]
[SourceDate "2022.10.05"]
[SourceVersion "1"]
[SourceVersionDate "2022.10.05"]
[SourceQuality "1"]

1. d4 d5 2. Nf3 Nf6 3. c4 c6 4. Nc3 Bg4 5. Ne5 e6 6. Nxg4 Nxg4 7. e4 Nf6 8. Bg5 Be7 9. e5 Nfd7 10. Bxe7 Qxe7 11. cxd5 exd5 12. Be2 Nb6 13. 0-0 N8d7 14. a4 a5 15. Qb3 0-0 16. Qc2 Qh4 17. f4 Qe7 18. Rf3 f5 19. Re1 Rae8 20. Bd3 g6 21. Rg3 Kh8 22. b3 Rg8 23. Qf2 Nf8 24. Rc1 Ne6 25. Be2 Nd7 26. Qe3 Qb4 27. Na2 Qxd4 28. Qxd4 Nxd4 29. Re3 Nxe2+ 30. Rxe2 Nf8 31. h4 Ne6 32. g3 Rd8 33. Kf2 d4 34. Rd2 c5 35. Rc4 b6 36. Nc1 Rb8 37. Nd3 Rgc8 38. Rb2 b5 39. axb5 Rxb5 40. Ke2 Rcb8 41. Nc1 Rb4 42. Kd3 Rxc4 43. Kxc4 Kg7 44. Nd3 Rc8 45. Ra2 Kh6 46. Rxa5 Kh5 1/2-1/2